| 000 | 00695nam a2200193Ia 4500 | ||
|---|---|---|---|
| 003 | GCL | ||
| 008 | 140319s9999 xx 000 0 ara d | ||
| 040 |
_aGCL / _cGCL |
||
| 082 | 0 | 4 |
_aش ف _b791.34 _bن ث |
| 100 | 1 | _aنور الدمرداش | |
| 245 | 1 | 0 |
_aثمن الحرية (شرائط فيديو) / _cنور الدمرداش |
| 260 |
_aالقاهرة : _bالشركة العامة للانتاج السينمائى العربى |
||
| 300 |
_a1 شريط: _bس ، ب ؛ _c1\2 بوصة |
||
| 650 | 0 | 4 | _aالافلام السينمائية |
| 650 | 0 | 4 | _aالافلام العربية |
| 650 | 0 | 4 | _aالفيديو، أشرطة |
| 650 | 0 | 4 | _aالافلام السياسية |
| 942 |
_2ddc _cVM |
||
| 999 |
_c28762 _d28762 |
||